Dokumente und Materialien.Bericht und Schlußwort des Gen.Sekr,ZK KPdSU,Michail Gorbatschow.Entschließungen (Record no. 327)

MARC details
000 -LEADER
fixed length control field 00506nam a22001817i 4500
001 - CONTROL NUMBER
control field 331
003 - CONTROL NUMBER IDENTIFIER
control field OSt
005 - DATE AND TIME OF LATEST TRANSACTION
control field 20170126082242.0
007 - PHYSICAL DESCRIPTION FIXED FIELD--GENERAL INFORMATION
fixed length control field tu
008 - FIXED-LENGTH DATA ELEMENTS--GENERAL INFORMATION
fixed length control field 161220s1988 xxu||||| |||| 00| 0 d
024 7# - OTHER STANDARD IDENTIFIER
Standard number or code 330
Source of number or code RID
040 ## - CATALOGING SOURCE
Transcribing agency OSt
084 ## - OTHER CLASSIFICATION NUMBER
Classification number 18.2
Number source z
245 00 - TITLE STATEMENT
Title Dokumente und Materialien.Bericht und Schlußwort des Gen.Sekr,ZK KPdSU,Michail Gorbatschow.Entschließungen
Remainder of title XIX. Unionskonferenz der KPdSU
260 ## - PUBLICATION, DISTRIBUTION, ETC.
Place of publication, distribution, etc. Moskau :
Name of publisher, distributor, etc. APN-Verlag,
Date of publication, distribution, etc. 1988.
300 ## - PHYSICAL DESCRIPTION
Extent 176 S. ;
Dimensions 21cm.
651 ## - SUBJECT ADDED ENTRY--GEOGRAPHIC NAME
Geographic name Soviet Union
942 ## - ADDED ENTRY ELEMENTS (KOHA)
Koha item type Book
Holdings
Withdrawn status Lost status Damaged status Not for loan Home library Current library Shelving location Date acquired Inventory number Total Checkouts Full call number Barcode Date last seen Price effective from Koha item type
        WIIW WIIW Souterrain 06/16/1992 331   I-4.959 300329 01/26/2017 01/26/2017 Book
The Vienna Instiute for International Economic Studies (wiiw)